Great answers to tough interview questions : How to get the job youwant /

Na minha lista:
Detalhes bibliográficos
Autor principal: Yate, Martin John (Author)
Formato: Livro
Idioma:inglês
Publicado em: London : Kogan Page, 1992
Edição:3.ed.
Assuntos:
Tags: Adicionar Tag
Sem tags, seja o primeiro a adicionar uma tag!

MARC

LEADER 00000nam a22000003a 4500
001 stu9072
005 20150617225803.7
008 960605s1992----uk------------------eng-d
020 |a 0-7494-0673-9 
040 |a STU  |b slo 
041 0 |a eng 
044 |a uk 
080 |a 802.0(075) 
100 1 |a Yate, Martin John  |4 aut 
245 1 |a Great answers to tough interview questions :  |b How to get the job youwant /  |c [aut.] Yate,Martin John 
250 |a 3.ed. 
260 |a London :  |b Kogan Page,  |c 1992 
300 |a 180 s 
650 7 |a angličtina  |2 stusub 
996 |b E80633  |c E*80633  |l EE18  |s P  |a 0  |w stu9072_0001